000 00412nam a22001697a 4500
005 20160629170335.0
008 160629b xxu||||| |||| 00| 0 eng d
020 _a978-1-4165-0249-4
041 _aeng
082 _b10867
100 _aCovery, Stephen R
_93242
245 _aThe 7 habbits of highly effective people
260 _bFranckline covey
300 _a372
650 _aManagement
_9241
942 _cBK
999 _c4775
_d4773